[Event "Schleswig Holstein-ch U16 VM"]
[Site "Neumuenster"]
[Date "2008.03.29"]
[Round "8"]
[White "Kuehl, Kai"]
[Black "Schramm, Philipp"]
[Result "1-0"]
[WhiteElo "1031"]
[BlackElo "1286"]
[PlyCount "39"]
[EventDate "2008.03.24"]
[EventType "swiss"]
[EventRounds "9"]
[EventCountry "GER"]
[SourceTitle "EXT 2009"]
[Source "ChessBase"]
[SourceDate "2008.11.26"]
[SourceVersion "1"]
[SourceVersionDate "2008.11.26"]
[SourceQuality "1"]

1. d4 d5 2. c4 e6 3. Nf3 Nf6 4. Bg5 Be7 5. Nc3 Nc6 6. e3 0-0 7. Bd3 h6 8. Bh4 a6 9. 0-0 b6 10. a3 a5 11. Nb5 Na7 12. Ne5 Nxb5 13. cxb5 Nd7 14. Nc6 Qe8 15. Nxe7+ Kh8 16. Qg4 e5 17. dxe5 Nxe5 18. Qd4 Nxd3 19. Qxd3 Be6 20. Nxd5 1-0

[Event "Schleswig Holstein-ch U16 VM"]
[Site "Neumuenster"]
[Date "2008.03.28"]
[Round "7"]
[White "Manning, Merlin"]
[Black "Kuehl, Kai"]
[Result "0-1"]
[WhiteElo "808"]
[BlackElo "1031"]
[PlyCount "52"]
[EventDate "2008.03.24"]
[EventType "swiss"]
[EventRounds "9"]
[EventCountry "GER"]
[SourceTitle "EXT 2009"]
[Source "ChessBase"]
[SourceDate "2008.11.26"]
[SourceVersion "1"]
[SourceVersionDate "2008.11.26"]
[SourceQuality "1"]

1. e4 c6 2. Nf3 d5 3. Nc3 Bg4 4. Be2 e6 5. a3 Bd6 6. d3 Nd7 7. 0-0 Ne5 8. Nxe5 Bxe2 9. Qxe2 Bxe5 10. Bd2 d4 11. Nd1 h6 12. f4 Bc7 13. Qg4 g6 14. f5 h5 15. Qf3 Qd6 16. g3 0-0-0 17. b4 Nh6 18. Bxh6 Rxh6 19. Qf4 Qxf4 20. gxf4 gxf5 21. exf5 exf5 22. Nb2 b5 23. Kg2 Rg6+ 24. Kf3 h4 25. Rg1 Re8 26. Rae1 Rge6 0-1